000 00624nam a2200193 i 4500
001 120844
003 ES-MaACL
005 20230906191632.0
007 t|
008 070214s1959 sp af |||| | spa d
100 1 _aPollak, Kurt.
_992839
245 1 3 _aEl médico en casa
_b: consejero médico para sanos y enfermos /
_cKurt Pollak ; traducción de R. Quintana de Tortosa.
250 _a1ª ed.
260 _aBarcelona :
_bJano,
_c1959.
300 _a564 p., 20 lám. :
_bil. ;
_c25 cm.
650 0 4 _aMedicina-
_vObras de divulgación.
_914913
700 1 _aQuintana de Tortosa, R.
_994683
852 _aES-MaACL
_jB-2177
999 _c120844
_d120844